Tercabarnya maruah bangsa : satu himpunan pemikiran wartawan akhbar Majlis 1945-1948

Bibliographic Details
Main Author: Zakiah Hanum
Format: Book
Published: Petaling Jaya : Penerbitan Lajmeidakh Sdn.Bhd , 1989
Subjects:

MARC

LEADER 00000cam a2200000 7i4500
001 0000017708
002 000019286
005 20000330.0
020 |a 9679996417 
090 0 0 |a 959.5106   |b ZAK 
100 0 |a Zakiah Hanum 
245 1 0 |a Tercabarnya maruah bangsa :   |b satu himpunan pemikiran wartawan akhbar Majlis 1945-1948   |c Zakiah Hanum 
260 |a Petaling Jaya :   |b Penerbitan Lajmeidakh Sdn.Bhd ,   |c 1989 
300 |a 251p. ;   |c 28cm. 
650 0 0 |a Journalism   |x Political aspect   |z Malaysia 
650 0 0 |a Malay   |x History 
999 |a 0002635   |b BUKU   |c MALAYSIANA   |e PERPUSTAKAAN KOMUNITI PETALING JAYA 
999 |a 0004475   |b BUKU   |c PINJAMAN   |e PERPUSTAKAAN KOMUNITI PETALING JAYA 
999 |a 00069339   |b BUKU   |c PINJAMAN   |e PERPUSTAKAAN KOMUNITI PETALING JAYA 
999 |a 00069340   |b BUKU   |c MALAYSIANA   |e PERPUSTAKAAN KOMUNITI PETALING JAYA